000
00277nam a22001337a 4500
008
210310b ||||| |||| 00| 0 eng d
041
_a
eng
080
_a
82
082
_a
82
100
_a
22
101
_a
GJL
245
_a
The Elements of Style
_c
Strunk,W
942
_2
udc
_c
BK
999
_c
56121
_d
56121